LEADER 03030nam 2200649Ia 450 001 9910779119703321 005 20230721020752.0 010 $a0-19-175319-X 010 $a1-283-58251-1 010 $a9786613894960 010 $a0-19-155181-3 035 $a(CKB)2550000000105535 035 $a(EBL)975585 035 $a(OCoLC)801363536 035 $a(SSID)ssj0000688440 035 $a(PQKBManifestationID)12289569 035 $a(PQKBTitleCode)TC0000688440 035 $a(PQKBWorkID)10606757 035 $a(PQKB)10373733 035 $a(StDuBDS)EDZ0000109377 035 $a(MiAaPQ)EBC975585 035 $a(Au-PeEL)EBL975585 035 $a(CaPaEBR)ebr10581677 035 $a(CaONFJC)MIL389496 035 $a(MiAaPQ)EBC7033856 035 $a(Au-PeEL)EBL7033856 035 $a(EXLCZ)992550000000105535 100 $a20090528d2009 uy 0 101 0 $aeng 135 $aur|n|---||||| 181 $ctxt 182 $cc 183 $acr 200 00$aDementia care$b[electronic resource] $ea practical manual /$fJonathan Waite ... [et al.] 210 $aOxford ;$aNew York $cOxford University Press$dc2009 215 $a1 online resource (437 p.) 225 1 $aOxford care manuals 300 $aDescription based upon print version of record. 311 $a0-19-922882-5 320 $aIncludes bibliographical references and index. 327 $aContents; Preface; Abbreviations; 1 What is dementia?; 2 Assessment; 3 Delirium; 4 Care; 5 Dementia in the community; 6 Treatment; 7 Care homes for people with dementia; 8 Dementia and delirium in hospitals; 9 'Physical' problems in dementia; 10 Palliative care in dementia; 11 Legal aspects of dementia care; 12 Making decisions; 13 Measurement and rating scales; 14 Issues with particular groups of people; 15 Rarer causes of dementia; 16 Biological aspects of dementia; 17 Prevention; 18 Outcome in dementia; Index; A; B; C; D; E; F; G; H; I; J; K; L; M; N; O; P; Q; R; S; T; U; V; W; X; Y; Z 330 $aDementia can be a distressing condition, for the sufferer, and for families and other carers. Management of dementia is never easy, and involves facing some unpleasant problems and difficult choices. The right approach and expertise can minimise the unpleasantness and make dementia manageable, while inexperienced or inexpert management has the potential to cause unnecessary distress and disability, mis-directed resources, frustrated care staff, unduly long periods spent in hospitaland premature care home placement.Dementia Care is a practical manual for health and social care professionals in 410 0$aOxford care manuals. 606 $aDementia$vHandbooks, manuals, etc 606 $aPsychiatry 615 0$aDementia 615 0$aPsychiatry. 676 $a362.19683 676 $a616.83 701 $aWaite$b Jonathan$01524299 801 0$bMiAaPQ 801 1$bMiAaPQ 801 2$bMiAaPQ 906 $aBOOK 912 $a9910779119703321 996 $aDementia care$93765074 997 $aUNINA LEADER 02146nas0 2200457 i 450 001 CFI0794721 005 20251003044146.0 011 $a2239-6152$bonline 011 $a2280-9112 017 70$aP 00237945$2P 100 $a20121002a20129999||||0itac50 ba 101 | $aita 102 $ait 110 $aa|u|||||||| 181 1$6z01$ai $bxxxe 182 1$6z01$an 183 1$6z01$anc$2RDAcarrier 200 1 $aAIB studi$erivista di biblioteconomia e scienze dell'informazione 207 0$aVol. 52, n. 1 (gen.-apr. 2012)- 210 $aRoma$cAIB$d2012- 215 $avolumi$d24 cm 300 $aQuadrimestrale 300 $aDisponibile anche online 430 0$1001CFI0209049$12001 $aBollettino AIB$erivista italiana di biblioteconomia e scienze dell'informazione$fAssociazione italiana biblioteche 530 1 $aAIB studi$9SBN0089020 676 $a020$9BIBLIOTECONOMIA E SCIENZA DELL'INFORMAZIONE$v21 676 $a020.5$9BIBLIOTECONOMIA E SCIENZA DELL'INFORMAZIONE. Pubblicazioni in serie$v22 712 02$aAssociazione italiana biblioteche$3CFIV014188 791 02$aAIB$c $3CFIV148638$zAssociazione italiana biblioteche 791 02$aAIB$c $3CFIV200417$zAssociazione italiana biblioteche 791 02$aAIB$c $3CFIV148638$zAssociazione italiana biblioteche 801 3$aIT$bIT-000000$c20121002 850 $aIT-BN0095 $aIT-NA0079 $aIT-BN0090 $aIT-NA0070 $aIT-NA0059 $aIT-NA0120 901 $bNAP BN$cPER.ITAL. $nFondo librario esculso dal servizio di prestito. La consultazione dei documenti avviene presso la Sezione Periodici 901 $bNAP BU$cPER. $nPeriodici. 901 $bNAP BS$cMISC $n$ 912 $aCFI0794721 950 0$aBiblioteca Centralizzata di Ateneo$c51(2011)-52(2012). lac 2011-2012.$d 01PER. ITA. BOLA$e 0102 0000096245 VPA A4(2012 52(2012), n. 3$fB $h20130404$i20130408 977 $a 01$a BN$a BS$a BU$a CN$a CR 996 $aAIB studi$9105005 997 $aUNISANNIO